| LEADER 00000nam 2200000uu 4500 |
| 001 13399112528 |
| 003 BCNR |
| 008 110616s2554||||th 000 0 tha d |
| 020 9789744964915
|
| 041 0 tha
|
| 060 04 WC100^bU66 2554
|
| 245 00 Update on pediatric infectious diseases 2011 /^cพิรังกูร เกิดพานิช, วีระชัย วัฒนาวีรเดช และ ทวี โชติพิทยสุนนท์, บรรณาธิการ
|
| 246 30 Pediatric infectious diseases 2011
|
| 250 พิมพ์ครั้งที่ 1
|
| 260 กรุงเทพฯ :^bสมาคมโรคติดเชื้อในเด็กแห่งประเทศไทย,^c2554
|
| 300 viii, 278 หน้า :^bภาพประกอบ ;^c26 ซม.
|
| 504 มีบรรณานุกรมท้ายบท
|
| 650 7 โรคติดเชื้อในเด็ก
|
| 650 7 เด็ก^xโรค^xการรักษา
|
| 650 7 โรคติดต่อ^xในวัยทารกและวัยเด็ก
|
| 650 7 โรคติดต่อ, การควบคุม
|
| 700 0 พิรังกูร เกิดพานิช,^eบรรณาธิการ
|
| 700 0 วีระชัย วัฒนาวีรเดช,^eบรรณาธิการ
|
| 700 0 ทวี โชติพิทยสุนนท์,^eบรรณาธิการ
|
| 710 2 สมาคมโรคติดเชื้อในเด็กแห่งประเทศไทย
|
| 999 ^aบรรณารักษ์
|